| 000 | 00408nam a2200157Ia 4500 | ||
|---|---|---|---|
| 008 | 181130s2018 xx 000 0 und d | ||
| 100 | _aBalaji, B. | ||
| 245 | _aThe myriad landscapes of Indian tourism | ||
| 260 | _c2018 | ||
| 300 | _ap.128-130. | ||
| 504 | _dJan-Jun | ||
| 650 | _aTourism | ||
| 650 | _aTourism - India | ||
| 773 | _aSouth Asian Journal of Socio-Political Studies | ||
| 906 | _aTourism | ||
| 999 |
_c506206 _d506206 |
||